Francúzsky dotyk

Bibliographic Details
Main Author: Kušnierik, Juraj, 1964-2015 (Author)
Format: Article
Language:Slovak
Subjects:

MARC

LEADER 00000nab a2200000 a 4500
001 vtls009476458
003 SK-MaSNL
005 20260304005431.0
008 190315c2009 xo wr|p|||||||000 b|slo
015 |a SNBRB2009/02  |2 snkbucl 
040 |a SNKBUCL  |b slo  |c SNKBUCL  |e AACR2 
041 0 |a slo 
044 |a xo  |c SK 
080 |a 78.071.2:784.66:061.7  |2 2001 
080 |a 784.66:061.7  |2 2001 
100 1 |a Kušnierik, Juraj,  |d 1964-2015  |4 aut  |9 161027 
245 1 0 |a Francúzsky dotyk  |c Juraj Kušnierik 
300 |b Fotogr. 
610 2 7 |a Nouvelle Vague (hudobná skupina)  |2 snkbucl  |9 1286229 
648 7 |a 2.2.2009  |2 snkbucl  |9 1286230 
650 0 7 |a koncerty  |2 snkbucl  |9 19182 
651 7 |a Bratislava (Slovensko)  |2 snkbucl 
773 0 |t Týždeň  |g Roč. VI, č. 6 (2009), s. 68-69  |x 1336-5932 
852 |a SNK  |b KIS3GCP 
958 |a FR 
958 |a SK 
999 |c 2556021  |d 2557951